Movies Quiz

Random Movies or Clickable Quiz

Despicable Me Follow by Line Quiz Stats

 Plays Quiz not verified by Sporcle

Challenge
Share
Tweet
Embed
Score 0/15 Timer 10:00
0 Plays Today
% Correct
AHHH!! Curse you, tiny toilet!
95.2%
He is, ummm... I don't know.
95%
Peep, peep, peep, peep
95%
They are our guests.
90.6%
I'm sorry, son; they stopped sending monkeys to the moon years ago.
90.3%
Lipstick taser!
90.2%
The physical appearance of the please does not change anything
88%
It means you don't get the unicorn!
88%
% Correct
He's putting on lipstick
87.6%
Just like I was
84.8%
I didn't like what you said
82.2%
(Gasp) Eh.
80.2%
Get the picture?
78.2%
Ba-boy? Oh, ba-boy!
73.9%
Oh... cause I was wondering under what circumstances would we use this.
67.1%

You're not logged in!

Compare scores with friends on all Sporcle quizzes.
Join for Free
OR
Log In

You Might Also Like...

Show Comments

Extras

Created Nov 4, 2013ReportNominate
Tags:Clickable Quiz, follow

Top Quizzes Today


Score Distribution

Your Account Isn't Verified!

In order to create a playlist on Sporcle, you need to verify the email address you used during registration. Go to your Sporcle Settings to finish the process.

Report this User

Report this user for behavior that violates our Community Guidelines.

Details: